ბათუმის შოთა რუსთაველის სახელმწიფო უნივერსიტეტის ბიბლიოთეკა

გენმოდიფიცირებული ორგანიზმები და ბიოუსაფრთხოება აღმოსავლეთ ევროპის, კავკასიისა და ცენტრალური აზიის ქვეყნებში / (ბიბ.ჩანაწერი № 36506)

000 -ლიდერი
ფიქსირებული სიგრძის საკონტროლო ველი 00981nam a2200205Ia 4500
001 - საკონტროლო ნომერი
საკონტროლო ველი 2424
003 - საკონტროლო ნომრის იდენტიფიკატორი
საკონტროლო ველი GE_BSU
005 - ბოლო ოპერაციის თარიღი და დრო
საკონტროლო ველი 20230824164551.0
008 - ფიქსირებული სიგრძის მონაცემთა ელემენტები - ზოგადი ინფორმაცია
ფიქსირებული სიგრძის საკონტროლო ველი 181216s2008||||ge |||||||||||||| ||geo||
040 ## - კატალოგიზაციის წყარო
Transcribing agency GE_BSU
041 ## - ენის კოდი
Language code of text/sound track or separate title geo
080 ## - უნივერსალური ათობითი კლასიფიკაციის ინდექსი
Universal Decimal Classification number 502 გ–32
245 ## - ცნობა სათაურის შესახებ
Title გენმოდიფიცირებული ორგანიზმები და ბიოუსაფრთხოება აღმოსავლეთ ევროპის, კავკასიისა და ცენტრალური აზიის ქვეყნებში /
Statement of responsibility, etc რედ. გიორგი მაღრაძე.
264 ## - წარმოების, გამოცემის, დისტრიბუციის და სხვა ცნობები
გამოცემის, წარმოების, დისტრიბუციის... ადგილი თბილისი,
გამოცემის, წარმოების, დისტრიბუციის... თარიღი 2008.
300 ## - ფიზიკური აღწერა
Extent 72 გვ.;
Other physical details 29 სმ.
653 ## - INDEX TERM--UNCONTROLLED
Uncontrolled term ბუნების დაცვა
653 ## - INDEX TERM--UNCONTROLLED
Uncontrolled term გენმოდიფიცირებული ორგანიზმები
700 ## - ADDED ENTRY--PERSONAL NAME
Personal name მაღრაძე, გიორგი
9 (RLIN) 17222
Relator term რედაქტორი
942 ## - ADDED ENTRY ELEMENTS (KOHA)
Koha item type წიგნი
Source of classification or shelving scheme
ეგზემპლარები
ჩამოწერის სტატუსი დაკარგული ეგზემპლარის სტატუსი კლასიფიკაციის წყარო ან თაროზე გაწყობის სქემა დაზიანების სტატუსი არ გაიცემა მუდმივი მდებარეობა (დაცვის ადგილი) ამჟამინდელი ადგილსამყოფელი თაროზე განთავსების ადგილი შეძენის თარიღი სრული შენახვის შიფრი შტრიხკოდი ბოლო ოპერაციის თარიღი ეგზემპლარის მიმდევრობითი ნომერი (კეტერი?) ფასის ძალაში შესვლის თარიღი ეგზემპლარის სახეობა საჯარო შენიშვნა
          ბათუმის შოთა რუსთაველის სახელმწიფო უნივერსიტეტის მთავარი ბიბლიოთეკა ბათუმის შოთა რუსთაველის სახელმწიფო უნივერსიტეტის მთავარი ბიბლიოთეკა წიგნსაცავი 2018-12-17 502 გ–32 3475 2018-12-17 3475 2018-12-17 წიგნი